Statistiques concernant Les Meilleurs buteurs de le Championnat d'Espagne 2014-2015

Cliquez ici pour prendre le quiz!

Statistiques générales

  • Ce quiz a été pris 61 fois
  • Le résultat moyen est 7 sur 11

Statistiques - réponses

ButsNationalitéClubJoueur% Correct
22FranceAtlético MadridAntoine Griezmann
100%
48PortugalReal Madrid Cristiano Ronaldo
100%
43ArgentineFC Barcelone Lionel Messi
100%
16UruguayFC Barcelone Luis Suárez
100%
22BrésilFC Barcelone Neymar
100%
15FranceReal Madrid Karim Benzema
95%
18EspagneAthletic Bilbao Aritz Aduriz
58%
20ColombieSéville FC Carlos Bacca
36%
14EspagneEspanyol BarceloneSergio García
5%
17EspagneRayo Vallecano Alberto Bueno
0%
14BrésilElche CF Jonathas
0%

Distribution des résultats

Percentile par nombre de réponses

% des personnes avec chaque résultat

Votre développement - résultats

Vous n’avez pas pris ce quiz